LDR 01033naa#a2200193#i#450# 001 RU\\bibl\110733 005 20260430205836.4 011 ## _a2500-1825 100 ## _a20260331b2026####ek#y0rusy0150####ca 102 ## _aRU 200 1# _aХОЗЯЙСТВЕННО-ЭКОНОМИЧЕСКАЯ ДЕЯТЕЛЬНОСТЬ ВУЗОВ В 30-е гг. XX в. НА ПРИМЕРЕ ИНСТИТУТОВ ЖЕЛЕЗНОДОРОЖНОГО ТРАНСПОРТА СИБИРИ _eЖурнальная статья 210 1# _aКрасноярск _cКрасноярский государственный аграрный университет _d2026 215 ## _a10 с. 608 ## _aЖурнальная статья _2local 675 ## _aГеография. Биография. История. 9 _aВсеобщая история. 94 _z 700 #1 _aМихаэлис _gДмитрий Владимирович 700 #1 _aМихаэлис _gСветлана Ивановна 700 #1 _aМихаэлис _gВладимир Вячеславович 856 4# _akgau.editorum.ru _u